000 00338nam a2200121Ia 4500
008 231129s9999||||xx |||||||||||||| ||spa||
020 _a958-693-039-4
040 _bspa
082 _aR 428 C977
245 0 _aCurso basico de ingles Welcome on board
264 _aPeriodicos Asociados
942 _2ddc
_cBKS
999 _c8637
_d8637